[Event "XIII C.to Europeo femminile"]
[Site "Gaziantep TUR"]
[Date "2012.03.02"]
[Round "1"]
[White "Sedina, Elena"]
[Black "Menzi, Nezihe Ezgi"]
[Result "1-0"]
[WhiteElo "2353"]
[BlackElo "1902"]
[PlyCount "101"]
[EventDate "2012.03.02"]

1. e4 e5 2. Nc3 Nf6 3. Nf3 Nc6 4. g3 d5 5. exd5 Nxd5 6. Bg2 Nxc3 7. bxc3 Bc5 8.
O-O O-O 9. Re1 Bg4 10. h3 Be6 11. d3 Re8 12. Nxe5 Qf6 13. d4 Nxe5 14. Rxe5 Bd6
15. Re1 Rad8 16. Qh5 g6 17. Qg5 Qg7 18. Qh6 c6 19. a4 Bf5 20. Qxg7+ Kxg7 21.
Be3 Bxc2 22. a5 Rc8 23. c4 Bb4 24. Rec1 Bc3 25. Ra2 Bb3 26. Re2 Bxa5 27. Rb2
Ba4 28. Rxb7 Rc7 29. Rxc7 Bxc7 30. Ra1 Bb3 31. Rxa7 Bxg3 32. Bxc6 Rc8 33. Bd7
Rc7 34. Rxc7 Bxc7 35. Bb5 Kf6 36. Kf1 Ke6 37. Ke2 f5 38. Kd3 Bd1 39. d5+ Ke5
40. Bd4+ Kd6 41. Bc6 Bd8 42. c5+ Ke7 43. Be5 Bf3 44. Kd4 Kf7 45. Ba4 h5 46. c6
Bb6+ 47. Kc4 Be2+ 48. Kb4 Ba6 49. d6 Ke6 50. f4 g5 51. Bb3+ 1-0

[Event "XIII C.to Europeo femminile"]
[Site "Gaziantep TUR"]
[Date "2012.03.02"]
[Round "1"]
[White "Zawadzka, Jolanta"]
[Black "Messina, Roberta"]
[Result "1-0"]
[WhiteElo "2358"]
[BlackElo "1957"]
[PlyCount "53"]
[EventDate "2012.03.02"]

1. e4 c5 2. Nf3 d6 3. d4 cxd4 4. Nxd4 Nf6 5. f3 e6 6. c4 a6 7. Nc3 Be7 8. Be3
O-O 9. Be2 Qc7 10. O-O Nc6 11. Qd2 Bd7 12. Rfc1 Nxd4 13. Qxd4 Rac8 14. a4 Qc5
15. Qd2 Qb4 16. Rd1 Bc6 17. a5 Rfe8 18. Bf1 Bf8 19. Bf2 Nd7 20. Qc2 Nc5 21. Ra3
d5 22. exd5 exd5 23. cxd5 Ba4 24. Nxa4 Nxa4 25. Qxa4 Qxb2 26. Ra2 Qe5 27. Re2
1-0

[Event "XIII C.to Europeo femminile"]
[Site "Gaziantep TUR"]
[Date "2012.03.03"]
[Round "2"]
[White "Messina, Roberta"]
[Black "Videnova, Iva"]
[Result "0-1"]
[WhiteElo "1957"]
[BlackElo "2301"]
[PlyCount "92"]
[EventDate "2012.03.02"]

1. c4 Nf6 2. Nc3 d5 3. e3 g6 4. b3 Bg7 5. Bb2 O-O 6. Nf3 c6 7. g3 Bg4 8. d4 c5
9. Bg2 cxd4 10. exd4 Nc6 11. Ne2 dxc4 12. bxc4 Qa5+ 13. Bc3 Qa6 14. Ne5 Nxe5
15. dxe5 Nd7 16. Qb3 Nxe5 17. Bxe5 Bxe5 18. Rb1 Qa5+ 19. Kf1 Qd2 20. f3 Bf5 21.
Rd1 Qa5 22. Rd5 Qc7 23. Rb5 Rab8 24. f4 Bf6 25. Rxb7 Rxb7 26. Qxb7 Qxc4 27. Qd5
Qa6 28. Qb3 Bd3 29. Bf3 Bc4 30. Qc2 Bxa2 31. Kg2 Rc8 32. Qd2 Bb3 33. Qb4 Qa2
34. Kh3 Be6+ 35. g4 a5 36. Qb7 Qb3 37. Qxb3 Bxb3 38. g5 Bg7 39. Bg4 e6 40. Rb1
a4 41. Bf3 Bc2 42. Rb7 a3 43. Ra7 Bb2 44. Ng3 Bb3 45. Ne4 a2 46. Nf6+ Kg7 0-1

[Event "XIII C.to Europeo femminile"]
[Site "Gaziantep TUR"]
[Date "2012.03.03"]
[Round "2"]
[White "Mkrtchian, Lilit"]
[Black "Sedina, Elena"]
[Result "1/2-1/2"]
[WhiteElo "2458"]
[BlackElo "2353"]
[PlyCount "89"]
[EventDate "2012.03.02"]

1. Nf3 d5 2. c4 c6 3. e3 Nf6 4. Nc3 g6 5. d4 Bg7 6. Be2 O-O 7. O-O dxc4 8. Bxc4
Bg4 9. h3 Bxf3 10. Qxf3 Nbd7 11. Rd1 e5 12. Bb3 Qe7 13. Bd2 Rad8 14. Rac1 Rfe8
15. a3 e4 16. Qe2 Nb6 17. Be1 h5 18. Bd2 Nbd5 19. Nxd5 Nxd5 20. Rc5 Qe6 21. Ra5
a6 22. Bb4 Rd7 23. Rc1 Bf6 24. Rac5 Bd8 25. Bxd5 Rxd5 26. Rxd5 Qxd5 27. Qc4
Qxc4 28. Rxc4 f5 29. Kf1 Kf7 30. Ke2 Bf6 31. d5 Rc8 32. dxc6 Rxc6 33. Rxc6 bxc6
34. b3 Ke6 35. Kd2 Kd5 36. Kc2 Bh4 37. g3 Bd8 38. h4 g5 39. hxg5 Bxg5 40. Kd2
h4 41. gxh4 Bxh4 42. Ke2 Bf6 43. Be1 c5 44. Bb4 c4 45. Be1 1/2-1/2

[Event "XIII C.to Europeo femminile"]
[Site "Gaziantep TUR"]
[Date "2012.03.04"]
[Round "3"]
[White "Sedina, Elena"]
[Black "Pogonina, Natalija"]
[Result "1/2-1/2"]
[WhiteElo "2353"]
[BlackElo "2449"]
[PlyCount "86"]
[EventDate "2012.03.02"]

1. e4 e5 2. Nc3 Nf6 3. Bc4 Nc6 4. d3 Na5 5. Qf3 Nxc4 6. dxc4 d6 7. Nge2 Be6 8.
b3 g6 9. Bg5 Be7 10. h3 O-O 11. Bh6 Re8 12. O-O Nh5 13. Ng3 Nxg3 14. Qxg3 Bf8
15. Bxf8 Rxf8 16. f4 exf4 17. Rxf4 Qd7 18. Rd1 Qc6 19. Qg5 Qc5+ 20. Qxc5 dxc5
21. Nd5 Rad8 22. Rff1 Bxd5 23. Rxd5 Rxd5 24. cxd5 Re8 25. Re1 Re5 26. Kf2 Kf8
27. c4 Ke7 28. Re3 h5 29. h4 f6 30. Kf3 Kd6 31. Re2 a6 32. g3 Re8 33. Kf4 b5
34. Rg2 bxc4 35. bxc4 Rb8 36. g4 Rb1 37. gxh5 gxh5 38. Rf2 Rc1 39. Rg2 Rf1+ 40.
Ke3 Re1+ 41. Kf4 Rf1+ 42. Ke3 Re1+ 43. Kf4 Rf1+ 1/2-1/2

[Event "XIII C.to Europeo femminile"]
[Site "Gaziantep TUR"]
[Date "2012.03.05"]
[Round "4"]
[White "Messina, Roberta"]
[Black "Martynkova, Olena"]
[Result "1-0"]
[WhiteElo "1957"]
[BlackElo "1689"]
[PlyCount "129"]
[EventDate "2012.03.02"]

1. c4 e5 2. Nc3 Nf6 3. g3 d5 4. cxd5 Nxd5 5. Bg2 Nb6 6. Nf3 Nc6 7. d3 Be7 8. a3
O-O 9. b4 Be6 10. Bb2 f6 11. O-O a6 12. Rc1 Rb8 13. Ne4 Nd7 14. Qa4 f5 15. Ned2
Bf6 16. e4 f4 17. gxf4 exf4 18. Rxc6 bxc6 19. e5 Nb6 20. Qc2 Be7 21. Nd4 Bd5
22. Nxc6 Bxc6 23. Bxc6 Nc8 24. Rc1 Na7 25. Be4 Nb5 26. Qc4+ Kh8 27. Nf3 Qc8 28.
Kh1 Qd8 29. a4 Na7 30. Bc3 c6 31. Qxa6 Qb6 32. Qxb6 Rxb6 33. Bd4 Ra6 34. Bxa7
Rxa7 35. Bxc6 Bxb4 36. Rc4 Be7 37. d4 g6 38. d5 g5 39. h3 Rd8 40. d6 Bxd6 41.
exd6 Rxd6 42. Nxg5 Rg6 43. Nf3 Kg7 44. Bb5 Rf6 45. Rd4 Rb7 46. Rd5 Ra7 47. Rg5+
Kh8 48. Ne5 h6 49. Rg6 Rxg6 50. Nxg6+ Kg7 51. Nxf4 Kf6 52. Nd5+ Ke5 53. Nb4 Kd6
54. Kg2 Kc5 55. Nd3+ Kd4 56. Kf3 Kd5 57. Kg4 Rg7+ 58. Kh5 Rh7 59. Kg6 Rh8 60.
Kg7 Rb8 61. h4 Rb6 62. Nb4+ Kc5 63. Nc6 Kd5 64. Kxh6 Kc5 65. f4 1-0

[Event "XIII C.to Europeo femminile"]
[Site "Gaziantep TUR"]
[Date "2012.03.05"]
[Round "4"]
[White "Muzychuk, Mariya"]
[Black "Sedina, Elena"]
[Result "1/2-1/2"]
[WhiteElo "2490"]
[BlackElo "2353"]
[PlyCount "82"]
[EventDate "2012.03.02"]

1. e4 e6 2. d4 d5 3. Nc3 Nf6 4. Bg5 Be7 5. e5 Nfd7 6. h4 Nc6 7. Qd2 f6 8. exf6
Nxf6 9. O-O-O O-O 10. f4 Bd7 11. g3 Qe8 12. Nf3 Bb4 13. Bxf6 gxf6 14. a3 Ba5
15. b4 Bb6 16. f5 Qf7 17. fxe6 Bxe6 18. Qf4 Ne7 19. g4 a5 20. Kd2 axb4 21. axb4
c6 22. h5 Nc8 23. Rg1 Bc7 24. Qe3 Nd6 25. Bd3 Rae8 26. Rdf1 Bc8 27. Qh6 Qg7 28.
Qxg7+ Kxg7 29. g5 fxg5 30. h6+ Kh8 31. Nxg5 Bd8 32. Nxh7 Rg8 33. Rxg8+ Rxg8 34.
Rf8 Rxf8 35. Nxf8 Bg5+ 36. Ke2 Bxh6 37. Ng6+ Kg7 38. Ne5 Nf7 39. Nxf7 Kxf7 40.
b5 Bg7 41. Ke3 Bh6+ 1/2-1/2

[Event "XIII C.to Europeo femminile"]
[Site "Gaziantep TUR"]
[Date "2012.03.06"]
[Round "5"]
[White "Sedina, Elena"]
[Black "Skripchenko, Almira"]
[Result "1/2-1/2"]
[WhiteElo "2353"]
[BlackElo "2468"]
[PlyCount "29"]
[EventDate "2012.03.02"]

1. e4 c5 2. Nf3 e6 3. c3 d5 4. exd5 Qxd5 5. d4 Nf6 6. Bd3 Nc6 7. O-O Bd7 8. c4
Qh5 9. Be2 cxd4 10. Ng5 Qg6 11. Bd3 Qh5 12. Be2 Qg6 13. Bd3 Qh5 14. Be2 Qg6 15.
Bd3 1/2-1/2

[Event "XIII C.to Europeo femminile"]
[Site "Gaziantep TUR"]
[Date "2012.03.07"]
[Round "6"]
[White "Zhukova, Natalia"]
[Black "Sedina, Elena"]
[Result "1-0"]
[WhiteElo "2435"]
[BlackElo "2353"]
[PlyCount "81"]
[EventDate "2012.03.02"]

1. d4 d5 2. c4 c6 3. Nf3 Nf6 4. Nc3 dxc4 5. a4 Bf5 6. Ne5 Nbd7 7. Nxc4 Qc7 8.
g3 e5 9. dxe5 Nxe5 10. Bf4 Nfd7 11. Bg2 f6 12. O-O O-O-O 13. Ne3 Nc5 14. Ncd5
Qd7 15. b4 Be4 16. Bxe4 Nxe4 17. Qc2 Ng5 18. Bxe5 fxe5 19. b5 Ne6 20. bxc6 Qxc6
21. Qf5 Rxd5 22. Nxd5 Qxd5 23. Rfd1 Qc6 24. Rac1 Bc5 25. Rxc5 Qxc5 26. Qxe6+
Kb8 27. Rd5 Qc1+ 28. Kg2 Ka8 29. a5 a6 30. Qxe5 Qc6 31. e4 Re8 32. Qd4 g6 33.
Qd3 Rc8 34. Rd6 Qa4 35. Qd5 Ka7 36. e5 Rc6 37. Rd7 h5 38. e6 Qb5 39. Qd4+ Kb8
40. Rd8+ Rc8 41. Qd6+ 1-0

[Event "XIII C.to Europeo femminile"]
[Site "Gaziantep TUR"]
[Date "2012.03.09"]
[Round "7"]
[White "Cherednichenko, Elena"]
[Black "Messina, Roberta"]
[Result "1-0"]
[WhiteElo "2130"]
[BlackElo "1957"]
[PlyCount "87"]
[EventDate "2012.03.02"]

1. d4 Nf6 2. Nf3 g6 3. Nc3 Bg7 4. e4 d6 5. Be3 Nbd7 6. h3 e5 7. Qd2 O-O 8. Bd3
exd4 9. Nxd4 Nc5 10. Nde2 Re8 11. f3 Qe7 12. Bg5 Qd7 13. O-O a5 14. a4 b6 15.
Bb5 c6 16. Bc4 Ba6 17. Bxa6 Nxa6 18. Rad1 Rad8 19. Qf4 Nh5 20. Qh4 f6 21. Be3
Bf8 22. g4 Ng7 23. Qxf6 Ne6 24. Qh4 Ng7 25. Qf6 Ne6 26. Qh4 Rb8 27. Qf2 Qc7 28.
f4 Nec5 29. Ng3 Qe7 30. Bd4 Qh4 31. Kh2 Nb4 32. f5 Rb7 33. fxg6 hxg6 34. Bf6
Qh6 35. g5 Qh4 36. Qg2 Rh7 37. Rd2 Ne6 38. Nge2 Nc5 39. Rf4 Qh5 40. Ng3 Nxe4
41. Nxh5 Nxd2 42. Ng3 d5 43. Qxd2 Bd6 44. Rf1 1-0

[Event "XIII C.to Europeo femminile"]
[Site "Gaziantep TUR"]
[Date "2012.03.09"]
[Round "7"]
[White "Sedina, Elena"]
[Black "Bulmaga, Irina"]
[Result "0-1"]
[WhiteElo "2353"]
[BlackElo "2307"]
[PlyCount "138"]
[EventDate "2012.03.02"]

1. e4 c6 2. c4 d5 3. exd5 cxd5 4. d4 Nf6 5. Nc3 e6 6. Nf3 Bb4 7. Bd3 dxc4 8.
Bxc4 O-O 9. O-O Nc6 10. Bg5 Be7 11. a3 Nd5 12. Bxd5 exd5 13. Bxe7 Nxe7 14. Qb3
Rb8 15. Rfe1 Bg4 16. Ne5 Be6 17. h3 Nf5 18. Rad1 h6 19. Ne2 Qd6 20. Nf4 Rfe8
21. Nxe6 Qxe6 22. Nf3 Qd7 23. Re5 Rxe5 24. dxe5 Rd8 25. Qd3 Ne7 26. Nd4 Nc6 27.
f4 Nxd4 28. Qxd4 a6 29. Kh2 h5 30. Rd3 h4 31. Qf2 Qe7 32. Qf3 Qe6 33. Qg4 Qe7
34. Rd4 g6 35. Qd1 Qe6 36. Rb4 Qf5 37. Qe1 d4 38. Qd2 Qe4 39. Rb3 d3 40. Rc3 g5
41. e6 fxe6 42. fxg5 e5 43. Rc1 Qf4+ 44. Qxf4 exf4 45. Kg1 Kg7 46. Kf2 Kg6 47.
b4 Kxg5 48. Rc5+ Kf6 49. Ke1 Rg8 50. Kd2 Rxg2+ 51. Kxd3 Rg3+ 52. Ke4 Rxa3 53.
Kxf4 Ra4 54. Rf5+ Kg6 55. Rg5+ Kh6 56. Kf5 Rxb4 57. Rg8 Kh7 58. Rg1 Rb3 59. Rc1
a5 60. Rc4 Rb4 61. Rc5 a4 62. Kg5 Kg7 63. Rc7+ Kf8 64. Kf6 Ke8 65. Ke6 Kd8 66.
Rh7 a3 67. Rh8+ Kc7 68. Kd5 Rb5+ 69. Kc4 Ra5 0-1

[Event "XIII C.to Europeo femminile"]
[Site "Gaziantep TUR"]
[Date "2012.03.10"]
[Round "8"]
[White "Umudova, Nargiz"]
[Black "Sedina, Elena"]
[Result "1/2-1/2"]
[WhiteElo "2220"]
[BlackElo "2353"]
[PlyCount "103"]
[EventDate "2012.03.02"]

1. e4 e6 2. d4 d5 3. Nc3 Bb4 4. e5 Ne7 5. a3 Bxc3+ 6. bxc3 c5 7. Qg4 Qc7 8.
Qxg7 Rg8 9. Qxh7 cxd4 10. Ne2 Nbc6 11. f4 dxc3 12. Qd3 d4 13. Nxd4 Nxd4 14.
Qxd4 Bd7 15. a4 Nf5 16. Qf2 Bc6 17. Rg1 Qd7 18. Bd3 Qd5 19. Ba3 O-O-O 20. Bb4
Nh4 21. Qxh4 Qd4 22. Qf2 Qxb4 23. g3 Be4 24. Bxe4 Qxe4+ 25. Qe2 Qb4 26. Qb5
Qe4+ 27. Qe2 Qb4 28. Qb5 Qe4+ 29. Qe2 Qxf4 30. gxf4 Rxg1+ 31. Kf2 Rxa1 32. Qc4+
Kb8 33. h4 Rh1 34. Kg3 Rg8+ 35. Kf2 Rxh4 36. a5 Rh2+ 37. Kf3 Rxc2 38. a6 Rc8
39. Qb4 Rb2 40. Qd6+ Ka8 41. Qd7 Kb8 42. Qd6+ Ka8 43. Qd7 Rb8 44. Qxf7 Rb6 45.
axb7+ R8xb7 46. Qf8+ Rb8 47. Qc5 a6 48. f5 exf5 49. Kf4 Kb7 50. Qxc3 Re8 51.
Kxf5 Rb5 52. Ke4 1/2-1/2

[Event "XIII C.to Europeo femminile"]
[Site "Gaziantep TUR"]
[Date "2012.03.11"]
[Round "9"]
[White "Messina, Roberta"]
[Black "Drljevic, Ljilja"]
[Result "1-0"]
[WhiteElo "1957"]
[BlackElo "2278"]
[PlyCount "89"]
[EventDate "2012.03.02"]

1. d4 Nf6 2. Nc3 d5 3. Bg5 Nbd7 4. f3 h6 5. Bh4 c5 6. e4 dxe4 7. dxc5 Qa5 8.
Bxf6 exf6 9. Qd5 Qxc5 10. Qxe4+ Qe5 11. O-O-O Qxe4 12. Nxe4 f5 13. Nc3 Be7 14.
Nd5 Bd8 15. Re1+ Kf8 16. Ne2 Nf6 17. Nec3 Be6 18. Nf4 Bd7 19. Bb5 Ba5 20. Bxd7
Nxd7 21. Rd1 Nf6 22. Ncd5 Ne8 23. Nd3 Bd8 24. Nc5 b6 25. Nd7+ Kg8 26. Rhe1 Kh7
27. Ne5 Rf8 28. Nd7 Rg8 29. Ne5 Nd6 30. Nxb6 axb6 31. Rxd6 f6 32. Nc6 Bc7 33.
Rde6 Rxa2 34. Kb1 Rga8 35. c3 Bxh2 36. Kc2 Ra1 37. Nd4 Kg6 38. R1e2 Bc7 39. Rc6
Be5 40. Rxe5 Kg5 41. Rxf5+ Kh4 42. Rf4+ Kh5 43. Rg4 R8a7 44. Nf5 g5 45. Rxf6
1-0

[Event "XIII C.to Europeo femminile"]
[Site "Gaziantep TUR"]
[Date "2012.03.11"]
[Round "9"]
[White "Sedina, Elena"]
[Black "Kazimova, Narmin Nizami Qizi"]
[Result "1/2-1/2"]
[WhiteElo "2353"]
[BlackElo "2253"]
[PlyCount "159"]
[EventDate "2012.03.02"]

1. e4 c5 2. Nf3 e6 3. c3 d5 4. exd5 Qxd5 5. d4 Nf6 6. a3 Be7 7. Be3 cxd4 8.
cxd4 Nc6 9. Nc3 Qd6 10. Qc2 O-O 11. Bd3 h6 12. Rd1 b6 13. Ne4 Nxe4 14. Bxe4 Bb7
15. Ne5 Rac8 16. Qe2 Ba8 17. f4 Bh4+ 18. g3 Bf6 19. O-O Ne7 20. Bxa8 Rxa8 21.
Ng4 Nd5 22. Nxf6+ Nxf6 23. f5 Rfe8 24. Bf4 Qd5 25. Be5 exf5 26. Rxf5 Nd7 27.
Qf3 Qxf3 28. Rxf3 Nxe5 29. dxe5 Rad8 30. Rfd3 Rxd3 31. Rxd3 Rxe5 32. Rd8+ Kh7
33. Rd7 Re1+ 34. Kf2 Rb1 35. Rxa7 Rxb2+ 36. Kf3 Kg6 37. h4 h5 38. a4 Rb3+ 39.
Kf4 f6 40. a5 bxa5 41. Rxa5 Kh6 42. Ra6 Rb4+ 43. Kf3 Kg6 44. Ra7 Rb6 45. Rc7
Kh6 46. Rc5 Rb3+ 47. Kf2 g5 48. hxg5+ fxg5 49. Rc6+ Kg7 50. Kg2 g4 51. Ra6 Rf3
52. Rb6 Rf6 53. Rb5 Kg6 54. Ra5 Rf5 55. Ra6+ Kg5 56. Ra8 Rd5 57. Rf8 Rf5 58.
Ra8 Kf6 59. Ra6+ Ke5 60. Ra5+ Ke4 61. Ra4+ Kd3 62. Ra3+ Kc4 63. Ra4+ Kb3 64.
Ra8 Rc5 65. Kf2 Kc3 66. Rd8 Kc4 67. Rd1 Rf5+ 68. Kg2 Rf3 69. Rh1 Rf5 70. Rd1
Re5 71. Kf2 Rd5 72. Rc1+ Kb4 73. Rc8 Rf5+ 74. Kg2 Rc5 75. Rb8+ Kc4 76. Rd8 Rd5
77. Rc8+ Kd4 78. Re8 Re5 79. Rd8+ Ke3 80. Ra8 1/2-1/2

[Event "XIII C.to Europeo femminile"]
[Site "Gaziantep TUR"]
[Date "2012.03.12"]
[Round "10"]
[White "Kazimova, Narmin Nizami Qizi"]
[Black "Messina, Roberta"]
[Result "1-0"]
[WhiteElo "2253"]
[BlackElo "1957"]
[PlyCount "41"]
[EventDate "2012.03.02"]

1. Nf3 Nf6 2. c4 g6 3. d4 Bg7 4. g3 O-O 5. Bg2 d6 6. O-O a6 7. Nc3 Nc6 8. Re1
Rb8 9. Rb1 Na5 10. Qd3 b5 11. cxb5 axb5 12. b4 Nc6 13. d5 Na7 14. e4 Bd7 15.
Be3 Rb7 16. h3 e6 17. Nd4 exd5 18. exd5 Qc8 19. Nc6 Nxd5 20. Nxa7 Rxa7 21. Nxd5
1-0

[Event "XIII C.to Europeo femminile"]
[Site "Gaziantep TUR"]
[Date "2012.03.13"]
[Round "11"]
[White "Messina, Roberta"]
[Black "Abdulla, Khayala Mardan Qizi"]
[Result "0-1"]
[WhiteElo "1957"]
[BlackElo "2246"]
[PlyCount "94"]
[EventDate "2012.03.02"]

1. d4 Nf6 2. Nc3 d5 3. Bg5 e6 4. e4 dxe4 5. Nxe4 Be7 6. Bxf6 Bxf6 7. Nf3 Nd7 8.
Qd2 b6 9. O-O-O Bb7 10. Bd3 O-O 11. h4 c5 12. Neg5 h6 13. Bh7+ Kh8 14. Be4 Bxe4
15. Nxe4 cxd4 16. Nxd4 Nc5 17. Qe3 Nxe4 18. Qxe4 Qc7 19. Nf3 Qc5 20. Kb1 Qb5
21. Nd4 Qc4 22. Qc6 Rac8 23. Qxc4 Rxc4 24. Nf3 Rfc8 25. c3 b5 26. Nd2 Rxh4 27.
Rxh4 Bxh4 28. Ne4 Rc7 29. g3 Be7 30. Rd4 g5 31. a3 Kg7 32. Kc2 h5 33. Kd1 f5
34. Nd6 Bxd6 35. Rxd6 Kf6 36. Ke2 h4 37. gxh4 gxh4 38. Rd8 Rh7 39. Kf3 h3 40.
Rd1 Ke5 41. Rh1 Kd5 42. b3 a5 43. Rd1+ Kc5 44. Kg3 h2 45. b4+ axb4 46. cxb4+
Kc4 47. Kg2 h1=Q+ 0-1

[Event "XIII C.to Europeo femminile"]
[Site "Gaziantep TUR"]
[Date "2012.03.13"]
[Round "11"]
[White "Sedina, Elena"]
[Black "Foisor, Mihaela-Veronica"]
[Result "1/2-1/2"]
[WhiteElo "2353"]
[BlackElo "2242"]
[PlyCount "81"]
[EventDate "2012.03.02"]

1. e4 e6 2. d4 d5 3. Nc3 Nf6 4. e5 Nfd7 5. f4 c5 6. Nf3 Nc6 7. Be3 Be7 8. a3
O-O 9. Qd2 a6 10. Be2 b5 11. O-O Qb6 12. Kh1 cxd4 13. Nxd4 Bc5 14. Rad1 Bb7 15.
Bf3 Nxd4 16. Bxd4 Bxd4 17. Qxd4 Qxd4 18. Rxd4 Rac8 19. a4 Nb8 20. axb5 axb5 21.
Be2 Nc6 22. Rd2 b4 23. Nb5 Ra8 24. Kg1 Ra2 25. c3 Ba6 26. c4 Bxb5 27. cxb5 Na5
28. Rfd1 Rc8 29. Bd3 g6 30. Bb1 Ra1 31. Bd3 Rxd1+ 32. Rxd1 b3 33. Kf2 Kf8 34.
Ke3 Nc4+ 35. Bxc4 Rxc4 36. Ra1 Rb4 37. Ra8+ Ke7 38. Ra7+ Ke8 39. Ra8+ Ke7 40.
Ra7+ Ke8 41. Ra8+ 1/2-1/2